LDR 00648naa#a2200205#i#450# 001 EN\\bibl\121432 005 20260514042100.4 011 ## _a1994-4683 100 ## _a20230531b2023####ek#y0engy0150####ca 102 ## _aRU 200 1# _aEVALUATION OF QUICKNESS WITH 4X10M AND 10X10M SHUTTLING IN COMPARISON TO 100M RUNNING _eJournal article 210 1# _aMoscow _cNational State University of Physical Education, Sports and Health named after P.F. Lesgaft _d2023 215 ## _a5 с. 608 ## _aJournal article _2local 675 ## _aБег. Например,. 796.422 _z 700 #1 _a _g 700 #1 _a _g 700 #1 _a _g 700 #1 _a _g 856 4# _auchzapiski.lesgaft.spb.ru _u